Montenegrin Municipality Flags - Statistics

General Stats
  • This quiz has been taken 27 times
  • The average score is 20 of 24
Answer Stats
Picture Answer % Correct
Podgorica
100%
Berane
96%
Budva
96%
Cetinje
96%
Nikšić
96%
Bar
88%
Herceg Novi
88%
Kotor
88%
Rožaje
88%
Tivat
88%
Andrijevica
83%
Danilovgrad
83%
Kolašin
83%
Plav
83%
Tuzi
83%
Ulcinj
83%
Bijelo Polje
79%
Gusinje
79%
Šavnik
79%
Žabljak
79%
Petnjica
75%
Plužine
67%
Mojkovac
63%
Pljevlja
54%
No matching quizzes found
Score Distribution
Percent of People with Each Score
Percentile by Number Answered
Your Score History
You have not taken this quiz